000 00281nam a22001217a 4500
008 170922b xxu||||| |||| 00| 0 eng d
041 _aeng
080 _a37
100 _a46
101 _aEDU
245 _aINTERMEDIATE: CONVERSATIONAL SIGN LANGUAGE
_cMADSEN,W.J
942 _2udc
_cBK
999 _c29241
_d29241